000 01142nam a2200301 a 4500
001 ebr10080853
003 CaPaEBR
006 m u
007 cr cn|||||||||
008 020909s2003 enk sb 001 0 eng
020 _z0761947949 (pbk.)
020 _z0761947930
040 _aCaPaEBR
_cCaPaEBR
035 _a(OCoLC)70774155
050 1 4 _aJZ1318
_b.S35 2003eb
082 0 4 _a303.48/2
_222
100 1 _aSchirato, Tony.
245 1 0 _aUnderstanding globalization
_h[electronic resource] /
_cTony Schirato and Jen Webb.
260 _aLondon ;
_aThousand Oaks, Calif. :
_bSage Publications,
_c2003.
300 _av, 232 p.
504 _aIncludes bibliographical references (p. 221-228) and index.
533 _aElectronic reproduction.
_bPalo Alto, Calif. :
_cebrary,
_d2013.
_nAvailable via World Wide Web.
_nAccess may be limited to ebrary affiliated libraries.
650 0 _aGlobalization.
655 7 _aElectronic books.
_2local
700 1 _aWebb, Jen.
710 2 _aebrary, Inc.
856 4 0 _uhttp://site.ebrary.com/lib/rucke/Doc?id=10080853
_zAn electronic book accessible through the World Wide Web; click to view
999 _c157765
_d157765